Statistics for Parents - YUNGBLUD - All Lyrics

Click here to take the quiz!

General Stats

  • This quiz has been taken 72 times
  • The average score is 309 of 345

Answer Stats

Answer% Correct
a
100%
I
100%
in
100%
me
100%
my
100%
My
100%
are
98%
be
98%
go
98%
so
98%
So
98%
Then
98%
then
98%
to
98%
was
98%
ya,"
98%
you
98%
ain't
96%
boy,
96%
friend
96%
get
96%
gonna
96%
“Hi,
96%
If
96%
"If
96%
I'm
96%
it
96%
kiss
96%
out
96%
parents
96%
Said,
96%
The
96%
the
96%
up
96%
went
96%
when
96%
always
94%
an
94%
and
94%
best
94%
‘Cause
94%
'cause
94%
'Cause
94%
dead”
94%
he
94%
It’s
94%
it's
94%
know
94%
never
94%
old
94%
right
94%
all
91%
dad
91%
daddy
91%
fucked
91%
getting
91%
gun
91%
head
91%
low
91%
people
91%
shoot
91%
these
91%
they
91%
They
91%
we'll
91%
with
91%
about
89%
alone
89%
alright,
89%
born
89%
century
89%
favourite
89%
garden
89%
High
89%
high
89%
hopes
89%
messed
89%
put
89%
survive
89%
think
89%
way
89%
Because
87%
for
87%
him
87%
I'll
87%
locked
87%
tied
87%
Yeah,
87%
age
85%
But
85%
got
85%
raspberry
85%
sixteen
85%
time
85%
bleach
83%
brush
83%
feeling
83%
let
83%
shed
83%
teeth
83%
you're
83%
had
81%
Had
81%
shot
81%
stop
81%
that
81%
would
81%
laugh
79%
tape
79%
cavities
77%
clock
77%
flavoured
77%
meet
77%
mum
77%
nice
77%
nothing
77%
stops
77%
sweets
77%
tried,
77%
amphetamines
74%
bath,
74%
breathing
74%
car,
74%
hard
74%
See
74%
bought
72%
erection
72%
sexual
72%
toaster
72%
told
72%
watch
72%
wish
72%
believe
70%
gaffer
70%
her
70%
rejection
70%
son
70%
teacher
70%
Tick,
70%
tock,
70%
used
70%
cheerleader
68%
infection
68%
leave
68%
of
68%
preacher
68%
away
66%
Beretta,
66%
casual
66%
leads
66%
thousand
66%
male
64%
affection
62%
sins
62%
through
62%
wash
62%
volts
60%
Drop
55%

Score Distribution

Percentile by Number Answered

Percent of People with Each Score

Your Score History

You have not taken this quiz